Language, space and power : a critical look at billingual education

Αποθηκεύτηκε σε:
Λεπτομέρειες βιβλιογραφικής εγγραφής
Κύριος συγγραφέας: Hadi-Tabassum, Samina 1971-
Μορφή: Βιβλίο
Γλώσσα:English
Δημοσίευση: Clevedon; : Buffalo; : Toronto : Multilingual Matters, [2006]
Σειρά:Bilingual education and bilingualism ; ; 55
Θέματα:
Ετικέτες: Προσθήκη ετικέτας
Δεν υπάρχουν, Καταχωρήστε ετικέτα πρώτοι!

MARC

LEADER 00000nam a2200000 i 4500
001 1/50794
008 070806s2006 eng d
020 |a 978-1-85359-879-1 (hbk.) 
020 |a 1-85359-879-8 
035 |l 10089549 
040 |a GR-MY-UA  |b gre  |e aacr 
041 0 |a eng 
082 0 |a 370.117  |2 (22) 
100 1 |a Hadi-Tabassum, Samina  |d 1971- 
245 1 0 |a Language, space and power :  |b a critical look at billingual education /  |c Samina Hadi-Tabassum 
260 |a Clevedon; :   |a Buffalo; :   |a Toronto :   |b Multilingual Matters,   |c [2006] 
300 |a 295 σ.;  |c 21 εκ. 
490 1 |a Bilingual education and bilingualism  |v ; 55 
504 |a Βιβλιογραφία: σ. 286-293. Ευρετήριο 
650 0 0 |a Education, Bilingual. 
650 0 0 |a Language acquisition. 
650 0 0 |a Language acquisition  |x Social aspects. 
830 0 |a Bilingual education and bilingualism ;  |v ; 55 
852 |a INST  |b RHODES  |e 20070806  |h 370.117 HAD  |p 005400025931  |q 005400025931  |t BK  |y 0 
901 |a BIBL4-2007-2 
909 |a Ρ  |b 135870 
922 |a 4ΕΛΗ  |b 200706  |c ΕΠΕΑΕΚ2/ΠΤΔΕ  |d ΕΛΕΥΘΕΡΟΥΔΑΚΗΣ 
970 |a ΧΑΡΙΟΠΟΛΙΤΟΥ  |b ΚΩΝΣΤΑΝΤΙΝΑ  |z 2007/08/06